[Event "13th Agzamov Memorial 2019"]
[Site "Tashkent"]
[Date "2019.03.15"]
[Round "6.1"]
[White "Vokhidov, Shamsiddin"]
[Black "Fier, Alexandr"]
[Result "0-1"]
[WhiteElo "2494"]
[BlackElo "2551"]
[Annotator "TA"]
[PlyCount "78"]
[EventDate "2019.03.12"]
[EventType "swiss"]
[EventCountry "UZB"]
[SourceTitle "playchess.com"]
[Source "ChessBase"]
[SourceQuality "1"]

{[%evp 30,78,0,0,0,0,0,0,2,6,-2,-7,0,-16,33,-9,0,-10,-13,-78,-75,-80,-75,-139,-135,-99,-107,-165,-168,-168,-168,-168,-177,-512,-391,-357,-342,-333,-339,-465,-452,-462,-455,-452,-450,-613,-560,-544,-533,-6118,-6111]} 1. e4 Nf6 2. e5 Nd5 3. d4 d6 4. Nf3 g6 5. Bc4 Nb6 6. Bb3 Bg7 7. Ng5 e6 8. Qf3 Qe7 9. Ne4 dxe5 10. Bg5 Qb4+ 11. c3 Qa5 12. Bf6 O-O 13. Bxg7 Kxg7 14. Qf6+ Kg8 15. Qxe5 Qxe5 16. dxe5 a5 {[%cal Ba7a5,Ba5a4,Ba4a3][%mdl 32] B04: Alekhine's Defence: 4 Nf3} (16... Bd7 17. Nbd2 a5 18. O-O-O Bc6 19. Rhe1 N8d7 20. f4 a4 21. Bc2 a3 22. b3 Nd5 23. g3 b5 24. Nf3 N7b6 {0-1 (35) Kovalev,V (2560)-Bortnyk,O (2568) Lvov 2016}) 17. Nbd2 a4 18. Bc2 $146 ({Predecessor:} 18. Bd1 N8d7 19. f4 f6 20. exf6 Nxf6 21. Nxf6+ Rxf6 22. O-O Ra5 23. Rf2 e5 24. b4 axb3 25. Bxb3+ Kf8 26. Raf1 exf4 27. Rxf4 Rxf4 28. Rxf4+ {½-½ (28) Yartsev,V (2202)-Sukhachev,M ICCF email 2010}) 18... N8d7 {The position is equal.} 19. f4 Nd5 20. g3 a3 21. b3 b5 22. Kf2 f6 23. exf6 e5 24. f7+ (24. fxe5 $1 $11 Nxe5 25. Rhe1) 24... Rxf7 $17 25. Ng5 Rf8 26. Be4 (26. Ne6 $142 Re8 27. c4 Rxe6 28. cxd5) 26... N7f6 27. Bf3 Ra6 ({Much worse is} 27... exf4 $6 28. c4 $11) 28. Nge4 (28. c4 $17 bxc4 29. fxe5 Ng4+ 30. Kg1) 28... Nxe4+ $19 29. Nxe4 exf4 30. Rad1 fxg3+ 31. hxg3 $2 (31. Kxg3 {nothing else works.} Ne3 32. Rd3 Nf5+ 33. Kf2) 31... Bg4 32. Rd3 Re6 33. Nd2 c6 34. Rc1 b4 {Black is clearly winning.} 35. cxb4 Nxb4 {[%mdl 64] [#] Double Attack} 36. Re3 Rd6 37. Nc4 Rdf6 38. Ne5 Bxf3 39. Nxf3 {[#]} Rxf3+ $1 {[%mdl 512] Accuracy: White = 40%, Black = 75%.} 0-1

[Event "13th Agzamov Memorial 2019"]
[Site "Tashkent"]
[Date "2019.03.15"]
[Round "6.2"]
[White "Tillyaev, Ulugbek"]
[Black "Grigoryan, Karen H."]
[Result "1/2-1/2"]
[WhiteElo "2304"]
[BlackElo "2571"]
[Annotator "TA"]
[PlyCount "67"]
[EventDate "2019.03.12"]
[EventType "swiss"]
[EventCountry "UZB"]
[SourceTitle "playchess.com"]
[Source "ChessBase"]
[SourceQuality "1"]

{[%evp 23,67,0,8,8,8,0,9,6,21,0,0,0,0,0,0,0,0,0,0,-21,7,2,22,0,29,12,20,32,60,54,70,82,94,76,74,85,85,88,97,10,8,0,0,0,114,54]} 1. e4 c5 2. Nf3 d6 3. d4 cxd4 4. Nxd4 Nf6 5. Nc3 a6 6. g3 e5 7. Nde2 b5 8. Bg2 Be7 9. h3 {B91: Sicilian Najdorf: 6 g3} Bb7 10. g4 b4 11. Nd5 Nxd5 12. exd5 Nd7 {LiveBook: 13 Games} 13. a3 a5 14. Ng3 O-O 15. O-O Re8 {[#]} 16. Qf3 $146 ({Predecessor:} 16. Be3 Ba6 17. Re1 Qb8 18. axb4 axb4 19. b3 Rc8 {1-0 (28) Spangenberg,H (2565)-Kasparov,G (2820) Buenos Aires 1997}) 16... Qc7 17. axb4 axb4 18. Rxa8 Rxa8 19. Qb3 Ba6 20. Rd1 Rb8 21. Be3 Nc5 22. Qa2 {[#] Bxc5 is the strong threat.} Bb5 23. Ra1 g6 24. Qa7 Rb7 25. Qa5 Qxa5 26. Rxa5 {[#] aiming for Ra8+.} Na4 27. Bh6 {Threatening mate with Ra8+.} Rb8 28. Ra7 $36 {[%mdl 2048] White is on the roll.} Bf8 29. Bxf8 Kxf8 30. Ne4 Nxb2 31. h4 ({White should play} 31. Nxd6 $16 Be8 32. Rc7 (32. Nxe8 Kxe8 33. d6 Nc4 $11)) 31... Nc4 $11 32. Rc7 Nb6 33. Nf6 Nc8 (33... Kg7 $11 34. g5 h5) 34. g5 {Precision: White = 59%, Black = 47%.} ({Better is} 34. Nxh7+ $16 Kg8 35. Ng5) 1/2-1/2

[Event "13th Agzamov Memorial 2019"]
[Site "Tashkent"]
[Date "2019.03.15"]
[Round "6.3"]
[White "Fedorov, Alexei"]
[Black "Kazakovskiy, Valeriy"]
[Result "1/2-1/2"]
[WhiteElo "2552"]
[BlackElo "2456"]
[Annotator "TA"]
[PlyCount "98"]
[EventDate "2019.03.12"]
[EventType "swiss"]
[EventCountry "UZB"]
[SourceTitle "playchess.com"]
[Source "ChessBase"]
[SourceQuality "1"]

{[%evp 22,98,14,14,14,13,22,6,39,39,66,62,67,62,67,60,72,54,61,49,62,57,56,0,0,0,0,-10,-18,-24,-26,-37,-37,-37,-37,-37,-37,-37,-37,-37,-41,-29,-44,-52,-52,-71,-39,-39,-39,-39,-39,-39,-39,-39,-39,-61,-61,-61,-61,-61,-61,-61,-61,-61,-61,-61,-61,-61,-61,-61,-13,-13,0,0,0,-40,0,0,0]} 1. e4 e5 2. Nf3 Nc6 3. Bb5 a6 4. Ba4 Nf6 5. O-O Be7 6. Re1 b5 7. Bb3 O-O 8. c3 d6 9. h3 Nb8 10. d4 Nbd7 11. c4 c6 12. Nc3 b4 {C95: Closed Ruy Lopez: Breyer Variation with 10 d4} 13. Na4 $146 (13. Ne2 Nxe4 14. Qc2 f5 15. c5+ d5 16. Be3 Kh8 17. Nxe5 Nxe5 18. dxe5 Bh4 19. g3 Bg5 20. Bxg5 Qxg5 {1-0 (46) Grandelius,N (2652)-Amin,B (2700) Sharjah 2018}) 13... c5 14. d5 Ne8 15. Bc2 g6 16. Bh6 Ng7 17. a3 a5 18. b3 Kh8 19. Nb2 Ra6 {[%cal Ba8a6,Ba6b6,Bb6b8][%mdl 32]} 20. Qd2 Nf6 21. Ra2 Ng8 22. Bxg7+ (22. Be3 $14) 22... Kxg7 $11 23. Rea1 {Hoping for axb4.} Rb6 24. axb4 axb4 25. Ra8 {[#] Strongly threatening R1a7.} Qc7 26. Nd1 Rb8 27. R8a7 Bb7 28. Ne3 Ra8 29. Bd3 Qb6 30. Rxa8 Rxa8 31. Rxa8 Bxa8 32. Qa2 Bb7 33. g4 Qa6 (33... Nf6 {feels hotter.} 34. Nd2 h6 35. Be2 Qd8 36. Qa1 Kg8) 34. Qxa6 Bxa6 35. Kg2 Nf6 36. Kg3 Bc8 37. Bc2 h5 38. Nh4 hxg4 39. hxg4 Nh7 40. Nhg2 Bg5 41. f3 Nf6 42. Bb1 Ng8 43. Bd3 Ne7 44. Bb1 Kh6 45. Bc2 Bxe3 46. Nxe3 Kg5 47. Nd1 f5 48. Nf2 Kf6 49. Nh3 fxg4 {Accuracy: White = 55%, Black = 70%.} 1/2-1/2

[Event "13th Agzamov Memorial 2019"]
[Site "Tashkent"]
[Date "2019.03.15"]
[Round "6.4"]
[White "Khusenkhojaev, Muhammad"]
[Black "Ivanov, Sergey"]
[Result "1/2-1/2"]
[WhiteElo "2441"]
[BlackElo "2509"]
[Annotator "TA"]
[PlyCount "46"]
[EventDate "2019.03.12"]
[EventType "swiss"]
[EventCountry "UZB"]
[SourceTitle "playchess.com"]
[Source "ChessBase"]
[SourceQuality "1"]

{[%evp 22,46,-4,-11,0,-1,0,0,0,0,0,0,0,0,0,0,0,0,0,0,0,0,0,-1,0,-8,1566]} 1. Nf3 Nf6 2. c4 e6 3. Nc3 d5 4. cxd5 exd5 5. d4 c6 6. Bg5 Be7 7. Qc2 g6 8. e3 Bf5 9. Bd3 Bxd3 10. Qxd3 Nbd7 11. O-O O-O 12. Nd2 {The position is equal.} Kg7 {D36: Queen's Gambit Declined: Exchange Variation: Main line (5 Bg5 c6 6 Qc2)} (12... Re8 13. h3 Nh5 14. Bxe7 Qxe7 15. b4 a6 16. a4 Nhf6 17. Rab1 Rac8 18. Qc2 h5 19. Ne2 Ne4 20. Nxe4 Qxe4 21. Qxe4 Rxe4 {1-0 (60) Aravindh,C (2572)-Basso,P (2470) Tarvisio 2017}) 13. Rab1 $146 ({Predecessor:} 13. f3 Nh5 14. Bxe7 Qxe7 15. Rae1 f5 16. e4 Qg5 17. Qe3 Qxe3+ 18. Rxe3 fxe4 19. fxe4 Rxf1+ 20. Kxf1 dxe4 21. Ndxe4 {1-0 (62) Polyak,I (2165)-Czibulka,Z (2080) Hungary 2011}) 13... a5 14. a3 Ne8 15. Bxe7 Qxe7 16. b4 axb4 17. axb4 b5 18. e4 dxe4 19. Ndxe4 Nef6 20. d5 $1 cxd5 21. Nxf6 Nxf6 22. Nxb5 Qe4 23. Qd4 Qe5 $2 {[%mdl 40960] An unexpected result.} (23... Rfc8 $11) 1/2-1/2

[Event "13th Agzamov Memorial 2019"]
[Site "Tashkent"]
[Date "2019.03.15"]
[Round "6.5"]
[White "Pourramezanali, Amirreza"]
[Black "Barsov, Alexei"]
[Result "0-1"]
[WhiteElo "2519"]
[BlackElo "2380"]
[Annotator "TA"]
[PlyCount "49"]
[EventDate "2019.03.12"]
[EventType "swiss"]
[EventCountry "UZB"]
[SourceTitle "playchess.com"]
[Source "ChessBase"]
[SourceQuality "1"]

{[%evp 17,49,0,0,0,0,0,8,0,0,0,0,0,12,-43,-33,-35,-40,-60,-37,-237,-253,-254,-251,-242,-236,-256,-254,-256,-253,-246,-239,-260,-250,-244]} 1. e4 e6 2. d4 d5 3. e5 c5 4. c3 Nc6 5. Nf3 Qb6 6. a3 Nh6 7. b4 cxd4 8. Bxh6 gxh6 9. cxd4 Bd7 $1 10. Ra2 {C02: French: Advance Variation} Rg8 11. h3 h5 12. g3 {The position is equal.} h4 13. g4 Be7 14. Be2 f6 {[#]} 15. Nc3 $146 (15. b5 $11 Nd8 16. Qd3) ({Predecessor:} 15. b5 Nd8 16. Qd3 Rg7 17. Nc3 Nf7 {0-1 (38) Shirov,A (2684)-Nakamura,H (2787) Zuerich 2016}) 15... fxe5 $15 16. dxe5 {[#]} Nxb4 $1 {[%mdl 512]} 17. axb4 Bxb4 18. Rc2 $2 (18. O-O $1 $15 Bxc3 19. Qd3) 18... Ba4 $1 $19 19. O-O Bxc3 $1 {[%mdl 64] Pin} 20. Qd3 Bxc2 21. Qxc2 {[#]} Bb4 $1 22. Qxh7 {[#]} O-O-O $1 23. Qxh4 Rdf8 24. Kg2 a5 25. g5 {Accuracy: White = 58%, Black = 100%.} 0-1

[Event "13th Agzamov Memorial 2019"]
[Site "Tashkent"]
[Date "2019.03.15"]
[Round "6.6"]
[White "Danielyan, Vahe"]
[Black "Vahidov, Tair"]
[Result "1-0"]
[WhiteElo "2246"]
[BlackElo "2408"]
[Annotator "TA"]
[PlyCount "57"]
[EventDate "2019.03.12"]
[EventType "swiss"]
[EventCountry "UZB"]
[SourceTitle "playchess.com"]
[Source "ChessBase"]
[SourceQuality "1"]

{[%evp 23,57,-14,0,-3,0,-15,-16,-16,-20,-19,-10,-30,-5,-13,0,0,6,0,19,0,11,22,24,14,82,93,224,88,359,346,553,558,2318,2199,2142,1915]} 1. e4 e5 2. Nc3 Nf6 3. g3 d5 4. exd5 Nxd5 5. Bg2 Nxc3 6. bxc3 Bc5 7. Nf3 Nc6 8. O-O O-O 9. d3 Bg4 10. h3 Bh5 11. g4 Bg6 12. Ng5 Be7 13. Ne4 {C47: Scotch Four Knights and Four Knights with 4 g3} f5 14. gxf5 Bxf5 {[#]} 15. f4 $146 {The position is equal.} ({Predecessor:} 15. Rb1 Rb8 16. Be3 Qd7 17. Kh2 b6 18. c4 Nd4 19. Ng3 Bg6 20. Bd5+ Kh8 21. Bxd4 exd4 {0-1 (29) Ponomariov,R (2712)-Tomashevsky,E (2728) Huaian 2016}) 15... Qd7 {Threatens to win with ...Bxe4.} 16. Qf3 Rae8 17. Kh1 Kh8 18. Qg3 Bd6 19. Nxd6 cxd6 20. fxe5 dxe5 21. Be3 Rf6 22. Rf2 Rg6 23. Qh4 Be6 (23... Ne7 $11 {keeps the balance.}) 24. Raf1 $36 {[%mdl 2048] Be4 is the strong threat. White has strong initiative.} Kg8 {[#]} (24... Rg8 $16) 25. c4 (25. Bc5 $1 $18 {and the rest is easy. Intending Rf8+ and mate.} h6 26. c4) 25... Nd4 $2 {[%mdl 8192]} (25... Ne7 $16 {was necessary.}) 26. Be4 $18 Bxh3 {[#]} (26... b5 $142 27. c3 bxc4 28. Bxg6 hxg6 29. cxd4 Bxh3) 27. Rh2 $1 {[%cal Rh2h3] White is clearly winning.} Nf5 28. Qxh3 Ng3+ {[#]} 29. Qxg3 $3 {[%mdl 512] Accuracy: White = 58%, Black = 21%.} 1-0

[Event "13th Agzamov Memorial 2019"]
[Site "Tashkent"]
[Date "2019.03.15"]
[Round "6.7"]
[White "Saydaliev, Saidakbar"]
[Black "Mishuchkov, Nikolai M."]
[Result "1-0"]
[WhiteElo "2390"]
[BlackElo "2292"]
[Annotator "TA"]
[PlyCount "112"]
[EventDate "2019.03.12"]
[EventType "swiss"]
[EventCountry "UZB"]
[SourceTitle "playchess.com"]
[Source "ChessBase"]
[SourceQuality "1"]

{[%evp 15,112,-34,12,8,20,16,16,16,18,19,22,13,19,23,31,15,37,20,20,0,8,14,24,16,38,37,37,37,36,34,37,20,60,37,42,42,52,41,46,47,43,45,70,47,49,34,39,34,31,27,25,23,32,33,31,31,29,27,30,0,23,21,87,87,87,88,89,89,94,82,193,200,184,189,218,195,188,195,238,230,268,254,280,279,399,402,1557,1549,1556,1551,1537,1516,1364,1361,1508,1381,1267,1276,870]} 1. d4 Nf6 2. c4 e6 3. Nc3 Bb4 4. e3 O-O 5. Bd3 d5 6. Nf3 c5 7. cxd5 exd5 8. O-O Nbd7 9. Bd2 {E53: Nimzo-Indian: Rubinstein: Main Line (4...0-0 5 Nf3 d5 6 Bd3 c5 7 0-0)} (9. a3 cxd4 10. Nb5 Be7 11. Nbxd4 Nc5 12. Bc2 Re8 13. b4 Nce4 14. Bb2 a5 15. b5 Bg4 16. h3 Bh5 {0-1 (43) Vitiugov,N (2681)-Gashimov,V (2740) Ohrid 2009}) 9... Re8 10. dxc5 Nxc5 $146 ({Predecessor:} 10... Bxc5 11. Rc1 Ne5 12. Nxe5 Rxe5 13. Nb5 Bb6 14. Qf3 Ne4 15. Bc3 Rf5 16. Qe2 Qh4 {0-1 (36) Solntsev,Y-Lilienthal,A Moscow 1946}) 11. Be2 {The position is equal.} Ne6 12. Qb3 Bf8 13. Rfd1 Nc5 14. Qc2 Qe7 15. Nb5 Bg4 16. Bb4 {aiming for Qxc5.} Qe4 17. Nbd4 Qxc2 18. Nxc2 Rec8 19. Ncd4 Na4 20. Bxf8 Kxf8 21. Rab1 a6 22. h3 Bh5 23. Bd3 Bg6 24. Ne5 Bxd3 25. Nxd3 Rc7 26. Rbc1 Rac8 27. Rxc7 Rxc7 28. f3 Ke8 29. Kf2 Nc5 30. Nf4 (30. Nb4 {seems wilder.} Ne6 31. Nb3 Rc8 32. g4 g5 33. a3) 30... Ne6 31. Nfe2 (31. Nfxe6 {with more complications.} fxe6 32. Nxe6 Rc2+ 33. Ke1 Kf7 34. Nf4) 31... Nxd4 32. Nxd4 $14 {[%mdl 4096] Endgame KRN-KRN} g6 33. Rd2 Ke7 34. g4 Nd7 35. Ne2 b5 36. Nf4 Nb6 $1 37. Ke2 Rc5 38. Nd3 Rc4 {[#]} (38... Rc7 $11) 39. b3 $1 $16 {[%cal Rb3c4]} Rc3 40. Nb4 a5 41. Nxd5+ Nxd5 42. Rxd5 {Kd2 is the strong threat. KR-KR} a4 (42... Rc2+ $16 {was worth a try.} 43. Kd3 Rxa2) 43. Kd2 $18 (43. Rxb5 Rc2+ 44. Kd3 Rxa2 $16) 43... b4 {[#]} 44. Rd3 $1 (44. bxa4 Ra3 $16) 44... Rc5 45. Rd4 (45. bxa4 $6 Ra5 $16) 45... axb3 46. axb3 Ra5 47. Kd3 Ra2 48. g5 ({But not} 48. Rxb4 $6 Rh2 $16) 48... Rh2 49. h4 ({Less strong is} 49. Rxb4 Rxh3 50. f4 f5 $16) 49... Rh3 (49... f5 {was called for.} 50. gxf6+ (50. Rxb4 Kd6 $16) 50... Kxf6 51. Rxb4 Ke5) 50. Rf4 f5 (50... Rh1 $142 51. Rxb4 Rb1 52. Re4+ Kd6) 51. gxf6+ {White is clearly winning.} Kf7 52. e4 Rh1 53. e5 Rd1+ 54. Kc4 Rd8 55. Rd4 Rc8+ 56. Kxb4 Ke6 {Accuracy: White = 73%, Black = 44%.} 1-0

[Event "13th Agzamov Memorial 2019"]
[Site "Tashkent"]
[Date "2019.03.15"]
[Round "6.8"]
[White "Yakubboev, Nodirbek"]
[Black "Egin, Vladimir"]
[Result "1-0"]
[WhiteElo "2569"]
[BlackElo "2317"]
[Annotator "TA"]
[PlyCount "87"]
[EventDate "2019.03.12"]
[EventType "swiss"]
[EventCountry "UZB"]
[SourceTitle "playchess.com"]
[Source "ChessBase"]
[SourceQuality "1"]

{[%evp 10,87,8,0,14,0,0,0,0,0,0,-18,-10,-7,0,-10,0,-4,-2,-16,-18,-14,-10,-40,-17,-26,-16,-48,-47,-43,-40,-94,-108,-108,-91,-97,185,177,168,175,174,173,182,168,156,152,178,174,256,225,229,229,227,226,228,226,260,260,275,270,281,284,316,169,344,304,294,287,291,268,269,250,242,237,342,345,435,421,540,541]} 1. c4 e5 2. a3 c6 (2... Nf6 3. d3 a5 4. Nf3 Nc6 5. b3 d5 6. cxd5 Nxd5 7. Bb2 f6 8. g3 Be6 9. Bg2 Qd7 10. Nbd2 Be7 {½-½ (50) Fedoseev,V (2719)-Jumabayev,R (2602) St Petersburg 2018}) 3. Nf3 e4 4. Nd4 d5 5. cxd5 Nf6 6. Nc3 {LiveBook: 5 Games. A20: English Opening: 1...e5} Bc5 7. Nb3 Bb6 8. d3 {The position is equal.} exd3 9. Qxd3 O-O {[%cal Rf6d5]} 10. Na4 Bc7 $146 ({Predecessor:} 10... Re8 11. Nxb6 axb6 {½-½ (49) Krecak,Z (2314)-Cijs,P (2344) ICCF email 2012}) 11. dxc6 Qxd3 12. exd3 Nxc6 13. Be3 Re8 14. Kd2 Bf5 15. Nc3 Rad8 16. h3 Be5 $36 {[%cal Bc7e5,Be5f6,Bf6g5][%mdl 2080] Black has some pressure.} 17. Kc2 Nd5 18. g4 {Threatens to win with Nxd5.} Nxe3+ 19. fxe3 Bg6 20. Kd2 {[#]} ({Better is} 20. e4 $15) 20... Bf6 $1 $17 21. Be2 Bg5 22. Nd1 Bxd3 $2 {[%mdl 8192]} (22... Be4 $17 {keeps the pressure on.} 23. Rf1 Bd5) 23. Bxd3 $18 Ne5 {[#]} 24. Nc1 $1 Nc4+ 25. Kc2 Nxe3+ 26. Nxe3 Rxe3 27. h4 Bf4 28. Rf1 g5 (28... Rc8+ {might work better.} 29. Kb1 Bg3) 29. hxg5 Bxg5 30. Bf5 Rd2+ 31. Kb1 Kg7 32. Ra2 a5 33. a4 Rd4 34. b3 Rh3 35. Raf2 Rc3 36. Rf3 (36. Bc2 $142 Rc7 37. Nd3) 36... Rc7 $2 (36... Rxf3 {is a better defense.} 37. Rxf3 Rd1) 37. Rd3 Rb4 38. Na2 Rb6 39. Rff3 Re7 {intending ...Re1+.} 40. Rd1 Re2 41. Bc2 Rc6 (41... Rf6 $142) 42. Nc3 Rg2 43. Be4 Rc7 44. Nb5 {Precision: White = 67%, Black = 43%.} 1-0

[Event "13th Agzamov Memorial 2019"]
[Site "Tashkent"]
[Date "2019.03.15"]
[Round "6.9"]
[White "Papin, Vasily"]
[Black "Turaev, Hairilla"]
[Result "1-0"]
[WhiteElo "2496"]
[BlackElo "2316"]
[Annotator "TA"]
[PlyCount "99"]
[EventDate "2019.03.12"]
[EventType "swiss"]
[EventCountry "UZB"]
[SourceTitle "playchess.com"]
[Source "ChessBase"]
[SourceQuality "1"]

{[%evp 13,99,22,58,58,47,47,74,54,52,52,84,23,57,5,12,2,6,7,-6,-1,0,0,-5,-43,-22,-85,-11,-34,-13,-17,16,3,4,9,8,0,14,0,0,0,0,0,0,0,5,4,9,9,8,0,3,0,0,0,0,0,0,0,17,17,17,17,18,17,18,17,23,8,35,35,35,35,38,42,63,64,63,63,70,35,35,35,35,35,35,35,47,47]} 1. d4 Nf6 2. c4 e6 3. Nc3 d5 4. Bg5 Nbd7 5. Nf3 c6 6. e3 Be7 7. Qc2 Qa5 8. cxd5 {D53: Queen's Gambit Declined: 4 Bg5 Be7: Early deviations} exd5 9. Bd3 Nf8 10. h3 {White is better.} (10. O-O Ne6 11. Bxf6 Bxf6 12. Rab1 Qd8 13. b4 a6 14. a4 g6 15. b5 axb5 16. axb5 {1-0 (47) Di Berardino,D (2525)-Colas,J (2285) Montevideo 2018}) 10... Ne6 $146 ({Predecessor:} 10... Be6 11. Ne5 Ng6 12. f4 Nxe5 13. fxe5 Ng8 14. Bxe7 Nxe7 15. O-O h6 16. b4 Qd8 {½-½ (44) Balduan,M (2280)-Hogenacker,J (2320) Cologne 1997}) 11. Bh4 h6 12. Ne5 ({Better is} 12. Rb1 $16) 12... Qd8 13. Bg6 (13. O-O $14) 13... O-O $11 14. Bd3 c5 15. dxc5 d4 16. exd4 Qxd4 17. Nf3 Qxc5 18. Bg3 Nh5 19. O-O-O {[#]} (19. Bh2 $1 $11 {remains equal.}) 19... Nxg3 (19... Nef4 $1 $17 20. Bh7+ Kh8) 20. fxg3 Rb8 21. Rhe1 Bf6 22. Nd5 Qxc2+ 23. Bxc2 Bd8 24. Ne5 Nc5 25. b4 Nd7 26. Nxd7 Bxd7 27. Nf6+ Bxf6 28. Rxd7 Bc3 29. Re4 Rfd8 30. Rc7 Rdc8 31. Rd7 (31. Rxc8+ {looks sharper.} Rxc8 32. b5 Kf8 33. Ra4 Rc5 34. Rxa7 Rxb5 35. Be4) 31... Rd8 32. Rxd8+ Rxd8 {[%mdl 4096] Endgame KRB-KRB} 33. Re7 Bxb4 34. Rxb7 Ba3+ 35. Kb1 Bc5 36. Bb3 Rf8 37. Kc2 g6 38. Kd3 Kg7 39. Kc4 Bf2 40. g4 Rc8+ 41. Kb5 {White is slightly better.} Rf8 42. a4 {[%cal Ba2a4,Ba4a5][%mdl 32]} Kf6 43. a5 g5 44. Ka6 Ke5 45. Bxf7 Rd8 46. Bc4 Rd6+ 47. Kb5 Kf4 48. Be2 Rd5+ 49. Ka4 Rd2 50. Rf7+ {Accuracy: White = 57%, Black = 55%.} 1-0

[Event "13th Agzamov Memorial 2019"]
[Site "Tashkent"]
[Date "2019.03.15"]
[Round "6.10"]
[White "Vul, Arkadi Eremeevich"]
[Black "Nigmatov, Ortik"]
[Result "0-1"]
[WhiteElo "2253"]
[BlackElo "2478"]
[Annotator "TA"]
[PlyCount "114"]
[EventDate "2019.03.12"]
[EventType "swiss"]
[EventCountry "UZB"]
[SourceTitle "playchess.com"]
[Source "ChessBase"]
[SourceQuality "1"]

{[%evp 21,114,0,0,-17,-14,-18,-26,-29,3,0,7,0,0,0,0,-7,0,0,0,-7,0,0,0,-23,-7,-11,0,-10,-6,-30,0,0,0,-22,0,0,0,-40,-43,-105,-103,-133,-134,-158,-166,-145,-78,-86,-95,-72,-40,-92,-11,-139,-18,-127,-127,-163,-164,-174,-131,-144,-30,-30,-30,-30,-30,-30,-30,-30,-30,-30,-30,-30,-30,-30,-30,-31,-16,-5402,-5123,-3422,-5097,-1633,-1536,-1429,-1407,-1236,-1211,-29985,-29986,-29988,-29989,-29998,-29999]} 1. Nf3 Nf6 2. c4 g6 3. g3 Bg7 4. d4 O-O 5. Bg2 d6 6. O-O Nc6 7. Nc3 Bg4 8. h3 Bxf3 9. Bxf3 Nd7 10. e3 e5 11. Bxc6 bxc6 12. b3 {E62: King's Indian: Fianchetto: 6...c6 and Panno Variation (6...Nc6) without ...a6} (12. dxe5 Nxe5 13. Qe2 Qc8 14. f4 Nd7 15. Bd2 Re8 16. Kh2 Qa6 17. Rfe1 Nc5 18. b3 Re7 19. Rac1 Rae8 {½-½ (52) Mejia,C (1980)-Nguyen,T (2262) Makati 2018}) 12... Qf6 {[%cal Re5d4]} 13. dxe5 $146 ({Predecessor:} 13. Ne2 Qf3 14. Bb2 h5 15. dxe5 h4 16. Nf4 Qxd1 17. Raxd1 hxg3 18. fxg3 Rfe8 19. Nd3 Nxe5 20. Bxe5 Bxe5 21. Nxe5 Rxe5 {½-½ (42) Grybas,G (2012)-Fernandez Manrique,A (2147) Warsaw 2016}) 13... Nxe5 {...Nf3+ is the strong threat.} 14. Bb2 {Black has an edge.} Rab8 {Hoping for ...Nxc4!} (14... Qf5 $5 {[%cal Rf5h3]} 15. Kh2 Rab8 $15) 15. Rb1 Qf3 16. Na4 Qf5 17. Bxe5 Bxe5 18. Kh2 h5 19. h4 $1 Rfe8 20. Qe2 Bf6 21. Rbc1 Re4 22. f3 Re7 23. e4 Qe5 24. Rc2 Rbe8 25. Qd3 Bg7 26. Nc3 Qc5 27. Na4 Qe5 28. Nc3 Qa5 29. Na4 f5 {[%cal Rf5e4]} 30. Re2 (30. Nc3 $1 $15) 30... Qe5 31. Kg2 f4 32. g4 hxg4 33. fxg4 g5 (33... Bf6 $142 {And now ...Rh7 would win.} 34. g5 Bg7) 34. h5 $17 Qe6 35. Kf3 Be5 36. Rfe1 ({White should play} 36. c5 $15) 36... Qf6 (36... Rb8 $17 37. Rc1 Rb4) 37. Rd1 {[#]} (37. c5 $1 $11) 37... Kg7 (37... c5 $1 $17 38. Kg2 Bd4) 38. Rde1 (38. c5 $1 $11 {was the only way to keep the balance.}) 38... Bd4 39. Rd1 {[#]} c5 $1 40. Rde1 c6 41. e5 Bxe5 {[#]} ({Black should try} 41... dxe5 $17 {Strongly threatening ...Be3.} 42. Qe4 Qe6) 42. Nc3 $1 $11 {[%mdl 512]} Bxc3 43. Rxe7+ Rxe7 44. Rxe7+ Qxe7 45. Qxc3+ Qf6 46. Qxf6+ Kxf6 {[%mdl 4096] Endgame KP-KP} 47. Ke4 {[#]} d5+ $1 {[%mdl 512]} 48. Kf3 (48. cxd5 cxd5+) 48... Ke5 49. Ke2 ({Don't blunder} 49. h6 $2 Kf6 $19) 49... d4 50. Kd3 $2 {[%mdl 8192]} (50. Ke1 $11) 50... f3 $19 51. Kd2 Kf4 52. h6 Kg3 53. h7 f2 54. h8=Q f1=Q 55. Qc8 Qf2+ {Black mates.} 56. Kd1 d3 57. Qe6 Qc2+ {Accuracy: White = 34%, Black = 44%.} 0-1